| 000 | 00332nam a2200133Ia 4500 | ||
|---|---|---|---|
| 008 | 190216s9999||||xx |||||||||||||| ||und|| | ||
| 100 | _aNoakes. G.R | ||
| 245 | 3 | _aAn Introduction To Mechanics Properties Of Matter And Wave Motion | |
| 250 | _a1st Ed. | ||
| 260 |
_bNull _c1963 |
||
| 300 | _a415 | ||
| 650 | _aPhysics | ||
| 942 | _cBK | ||
| 999 |
_c32748 _d32748 |
||